[Event "AUTO-ADV-4800"]
[Site "http://www.queenalice.com/game.php?id=1840623"]
[Date "2024.7.22"]
[Round "1"]
[White "Capixabba789"]
[Black "gh1"]
[Result "1-0"]
[WhiteElo "1890"]
[BlackElo "1711"]

1. d4 d5 2. Nc3 Nf6 3. e4 Nxe4 4. Nxe4 dxe4 5. Be3 Nd7 6. Bc4 e6 7. Ne2 Nb6 8.
Bb3 a5 9. c3 Bd7 10. Ng3 a4 11. Bc2 f5 12. O-O Bd6 13. a3 O-O 14. Ne2 f4 15. Bc1
Bc6 16. b4 f3 17. Ng3 Qh4 18. c4 fxg2 19. Kxg2 e3+ 20. f3 Nxc4 21. Qe2 1-0

[Event "AUTO-ADV-4800"]
[Site "http://www.queenalice.com/game.php?id=1840624"]
[Date "2024.7.22"]
[Round "1"]
[White "gh1"]
[Black "Capixabba789"]
[Result "0-1"]
[WhiteElo "1702"]
[BlackElo "1899"]

1. d4 e5 2. dxe5 Bc5 3. Nc3 a6 4. Bf4 Nc6 5. Nf3 Nge7 6. e3 Ng6 7. Bg3 d6 8.
exd6 Bxd6 9. Bxd6 cxd6 10. Qd2 Be6 11. O-O-O O-O 12. Qxd6 Qa5 13. Nd4 Nxd4 14.
Rxd4 Rad8 15. Qb4 Qf5 16. Rxd8 Rxd8 17. f4 b5 18. Be2 h6 19. g4 Qf6 0-1

[Event "AUTO-ADV-4800"]
[Site "http://www.queenalice.com/game.php?id=1840637"]
[Date "2024.7.22"]
[Round "1"]
[White "Shizumaru_Hisame"]
[Black "gh1"]
[Result "1-0"]
[WhiteElo "1903"]
[BlackElo "1732"]

1. e4 e6 2. d4 d5 3. e5 c5 4. Nf3 cxd4 5. Nxd4 Ne7 6. Bg5 Qc7 7. Nf3 Nec6 8. Bf4
Qb6 9. b3 Qb4+ 10. Bd2 Qe4+ 11. Be2 Nxe5 12. Nxe5 Qxe5 13. Bc3 Qc7 14. Bh5 Nc6
15. Qf3 1-0

[Event "AUTO-ADV-4800"]
[Site "http://www.queenalice.com/game.php?id=1840638"]
[Date "2024.7.22"]
[Round "1"]
[White "gh1"]
[Black "Shizumaru_Hisame"]
[Result "0-1"]
[WhiteElo "1723"]
[BlackElo "1912"]

1. d4 Nf6 2. c4 e6 3. g3 Bb4+ 4. Nd2 Ne4 5. Bg2 Nxf2 6. Kxf2 Qf6+ 7. Ngf3 Nc6 8.
Ne4 Qe7 9. a3 Ba5 10. b4 Bxb4 11. axb4 Qxb4 12. Qd3 Qe7 13. d5 Nb4 14. Qd4 O-O
15. d6 cxd6 0-1

[Event "AUTO-ADV-4800"]
[Site "http://www.queenalice.com/game.php?id=1840645"]
[Date "2024.7.22"]
[Round "1"]
[White "carlitomontana93270"]
[Black "gh1"]
[Result "1-0"]
[WhiteElo "1911"]
[BlackElo "1741"]

1. c4 e5 2. d3 Nf6 3. g3 d5 4. cxd5 Nxd5 5. e4 Nb6 6. Bg2 Nc6 7. Nf3 Bg4 8. O-O
f6 9. Nbd2 Qxd3 10. Re1 O-O-O 11. Re3 Qd7 12. b3 Bc5 13. Rc3 Bb4 14. Rc2 Nd4 15.
Rxc7+ Qxc7 16. Bb2 Nxf3+ 17. Bxf3 Bxf3 18. Qxf3 Bxd2 19. Rd1 1-0

[Event "AUTO-ADV-4800"]
[Site "http://www.queenalice.com/game.php?id=1840646"]
[Date "2024.7.22"]
[Round "1"]
[White "gh1"]
[Black "carlitomontana93270"]
[Result "1-0"]
[WhiteElo "1705"]
[BlackElo "1837"]

1. d4 d6 2. e4 Nc6 3. d5 Ne5 4. f4 Nd7 5. Nf3 g6 6. Qd4 f6 7. Qa4 a6 8. Nd4 c5
9. Ne6 Qb6 10. g4 Qb5 11. Nc7+ Kd8 12. Nxb5 Nb6 13. Qa5 Ke8 14. Nc7+ 1-0

[Event "Challenge"]
[Site "http://www.queenalice.com/game.php?id=1840774"]
[Date "2024.7.24"]
[Round "-"]
[White "Mr_SPOCK"]
[Black "gh1"]
[Result "0-1"]
[WhiteElo "1608"]
[BlackElo "1730"]

1. e4 e6 2. e5 c5 3. d4 cxd4 4. Qxd4 Nc6 5. Qf4 f6 6. Nf3 fxe5 7. Nxe5 Qa5+ 8.
c3 Qxe5+ 9. Be2 Nf6 10. Qf3 Bc5 11. O-O O-O 12. Bf4 Qh5 13. Qd3 Ne5 14. Bxe5
Qxe5 15. Nd2 Qd6 16. Qc2 Qc7 17. a3 b6 18. b4 Be7 19. c4 Bb7 20. h4 a5 21. b5
Bc5 22. g3 Qxg3# 0-1

[Event "AUTO-OPEN-4539"]
[Site "http://www.queenalice.com/game.php?id=1840826"]
[Date "2024.7.24"]
[Round "1"]
[White "gh1"]
[Black "game"]
[Result "1-0"]
[WhiteElo "1726"]
[BlackElo "1418"]

1. d4 d5 2. c4 dxc4 3. e4 Nc6 4. Nf3 g6 5. d5 Na5 6. Qa4+ Bd7 7. Qxa5 Nf6 8. e5
b6 9. Qd2 Nxd5 10. Qxd5 b5 11. e6 Bxe6 12. Qe5 Rg8 13. Qxb5+ Bd7 14. Qxc4 Be6
15. Qa4+ Bd7 16. Bb5 a6 17. Bc6 Ra7 18. Ne5 e6 19. Bxd7+ Ke7 20. Bg5+ f6 21.
Qb4+ c5 22. Qxc5# 1-0

[Event "AUTO-OPEN-4539"]
[Site "http://www.queenalice.com/game.php?id=1840827"]
[Date "2024.7.24"]
[Round "1"]
[White "game"]
[Black "gh1"]
[Result "0-1"]
[WhiteElo "1437"]
[BlackElo "1699"]

1. e4 e6 2. Nf3 d5 3. e5 c5 4. d4 cxd4 5. Ng5 Nc6 6. Bb5 Qa5+ 7. Nc3 dxc3 8. Bd3
cxb2+ 9. Qd2 Qxd2+ 10. Kxd2 bxa1=Q 11. Re1 Bb4+ 12. c3 Qxc3+ 0-1

[Event "AUTO-OPEN-4539"]
[Site "http://www.queenalice.com/game.php?id=1840828"]
[Date "2024.7.24"]
[Round "1"]
[White "gh1"]
[Black "tariann"]
[Result "0-1"]
[WhiteElo "1715"]
[BlackElo "2255"]

1. d4 d5 2. c4 e6 3. Nf3 Nf6 4. g3 c5 5. cxd5 exd5 6. Bg2 Nc6 7. O-O Be7 8. Nc3
O-O 9. dxc5 Bxc5 10. a3 d4 11. Na4 Be7 12. b4 a6 13. Bb2 Qc7 14. Nxd4 Bg4 15.
Nxc6 bxc6 0-1

[Event "AUTO-OPEN-4539"]
[Site "http://www.queenalice.com/game.php?id=1840829"]
[Date "2024.7.24"]
[Round "1"]
[White "tariann"]
[Black "gh1"]
[Result "1-0"]
[WhiteElo "2256"]
[BlackElo "1713"]

1. e4 e6 2. d4 d5 3. Nc3 Nf6 4. Bg5 dxe4 5. Nxe4 Nbd7 6. Nf3 h6 7. Nxf6+ Nxf6 8.
Bxf6 Qxf6 9. Be2 Bd6 10. O-O O-O 11. c4 c5 12. Rc1 Rd8 13. dxc5 Bxc5 14. Qc2 1-0